[Event "1e eFXO Apeldoorns Weekendtoernooi"]
[Site "DSC Noord, Apeldoorn"]
[Date "2016.10.30"]
[Round "4.4"]
[White "Van Hoorn, Geert"]
[Black "Wouters, Casper"]
[Result "0-1"]
[LiveChessVersion "1.4.8"]
[BlackElo "1820"]
[WhiteElo "1874"]

1. e4  d6  2. Nc3  Nf6 3. f4  g6  4. Nf3 Bg7  5. Bc4  O-O 6. d3  c6  7. O-O
 Nbd7  8. e5  Nd5 9. Nxd5  cxd5  10. Bxd5 e6  11. Bb3  dxe5 12. fxe5  Nxe5  13. Nxe5
 Bxe5  14. Bh6  Qd4+ 15. Kh1  Qh4  16. h3 Qxh6  17. Qf3  Qh4 18. Qe3  Qg3  19. Qg1
 Bxb2  20. Rf3  Qg5 21. Raf1  Bg7  22. Qf2 Qe7  23. h4  Bd7 24. h5  g5  25. h6
 Bxh6  26. Rh3  Bg7 27. Qf3  f5  28. Qxb7 Qd6  29. d4  Bc6 30. Bxe6+  Qxe6  31. Qc7
 f4  32. c4  Qxh3+ 0-1

[Event "1e eFXO Apeldoorns Weekendtoernooi"]
[Site "DSC Noord, Apeldoorn"]
[Date "2016.10.30"]
[Round "4.5"]
[White "Sep, Cees"]
[Black "Bouwer, Hans"]
[Result "1/2-1/2"]
[LiveChessVersion "1.4.8"]
[BlackElo "1789"]
[WhiteElo "1791"]

1. e4  e5  2. Nf3  Nc6 3. Bb5  a6  4. Ba4 d6  5. c3  f5 6. d3  fxe4  7. dxe4  Nf6
 8. Qe2  Be7  9. O-O Bg4  10. Nbd2  O-O  11. h3  Bxf3  12. Nxf3 Kh8  13. Ng5  Qd7
 14. Bb3  Nd8  15. Bd2 h6  16. Nf3  Ne6 17. Rad1  Nc5  18. Bc2 Qc6  19. Rfe1  Qe8
 20. b4  Ncd7  21. Nh4 Nh7  22. Nf5  Bg5 23. Qc4  Rc8  24. h4 Bxd2  25. Rxd2  Nb6
 26. Qe2  Rf6  27. Rd3 Rg6  28. Rg3  Rxg3 29. Nxg3  1/2-1/2

[Event "1e eFXO Apeldoorns Weekendtoernooi"]
[Site "DSC Noord, Apeldoorn"]
[Date "2016.10.30"]
[Round "4.6"]
[White "Seelemeijer, Jasper"]
[Black "Groeneweg, Nick"]
[Result "1-0"]
[LiveChessVersion "1.4.8"]
[BlackElo "1828"]
[WhiteElo "1943"]

1. d4  d5  2. Nc3  Nf6 3. f3  Nc6  4. e4 dxe4  5. d5  Nb4
 6. fxe4  e6  7. a3 Nxe4  8. Nxe4  Qh4+ 9. Ng3  Bd6  10. Bb5+ c6
 11. dxc6  Bxg3+  12. hxg3 Qxg3+  13. Kf1  Nxc6 14. Nf3  Bd7  15. Rh3
 Qg4  16. Qd6  a6 17. Bd3  Rd8  18. Rg3 Qh5  19. Rxg7  e5
 20. Qf6  h6  21. Rxf7 Rg8  22. Rg7  Rxg7 23. Qxg7  Bf5  24. Qxh6
 Bxd3+  25. cxd3  Qf5 26. Qh8+  Kd7  27. Qh3 Qxh3  28. gxh3  Rf8
 29. Ke2  Ke6  30. Be3 Rh8  31. Rg1  Ne7 32. h4  Nf5  33. Bg5
 Rc8  34. Rc1  Rxc1 35. Bxc1 1-0

[Event "1e eFXO Apeldoorns Weekendtoernooi"]
[Site "DSC Noord, Apeldoorn"]
[Date "2016.10.30"]
[Round "5.1"]
[White "Van der Elburg, Freddie"]
[Black "Van Osch, Mees"]
[Result "1/2-1/2"]
[LiveChessVersion "1.4.8"]
[BlackElo "2288"]
[WhiteElo "2130"]

1. f4  Nh6  2. Nf3  d5 3. d3  Bg4  4. Ne5 Bh5  5. c3  f6 6. Nf3  Nc6  7. d4  Nf5
 8. g3  e5  9. fxe5 fxe5  10. Bh3  Bxf3 11. exf3  Qf6  12. O-O exd4  13. Re1+  Be7
 14. Bxf5  Qxf5  15. cxd4 O-O  16. Bf4  Bf6 17. Be5  Bxe5  18. dxe5
 Qxf3  19. Qxf3  Rxf3 20. Nc3  Nb4  21. Re2 c6  22. Rd1  Re8
 23. Rd4  Na6  24. Ra4 Kf7  25. Kg2  Rf5 26. b4  Rexe5  27. Rxe5
 Rxe5  28. b5  Nc5 29. Rxa7  d4  30. bxc6 dxc3  31. cxb7  Nxb7
 32. Rxb7+  Re7  33. Rb1 Ke6  34. Rc1  Rc7 35. Kf2  Kd5  36. Ke2
 Kc4  37. Rf1  Kb4 38. Rf4+  Ka3  39. Kd1 Kxa2  40. Kc2  Ka3
 41. h4  h6  1/2-1/2

[Event "1e eFXO Apeldoorns Weekendtoernooi"]
[Site "DSC Noord, Apeldoorn"]
[Date "2016.10.30"]
[Round "5.2"]
[White "Pruijssers, Roeland"]
[Black "Leontiev, Oleg"]
[Result "1-0"]
[LiveChessVersion "1.4.8"]
[BlackElo "2016"]
[WhiteElo "2490"]

1. e4  e6  2. d4  d5 3. e5  c5  4. c3 Qb6  5. Nf3  Nc6
 6. a3  Bd7  7. b4 cxd4  8. cxd4  Nge7 9. Nc3  Nf5  10. Na4
 Qc7  11. Bb2  Be7 12. Rc1  Qd8  13. Nc5 Rb8  14. Bd3  O-O
 15. O-O  f6  16. Bxf5 exf5  17. Qb3  Bc8 18. Rfe1  b6  19. Nd3
 fxe5  20. dxe5  Bb7 21. Nf4  Rf7  22. e6 Rf8  23. Rxc6  Bxc6
 24. Qc3  Bf6  25. Qxc6 Re8  26. Bxf6  Qxf6 27. Nxd5  Qb2  28. e7
 1-0

[Event "1e eFXO Apeldoorns Weekendtoernooi"]
[Site "DSC Noord, Apeldoorn"]
[Date "2016.10.30"]
[Round "5.3"]
[White "Beeke, Bob"]
[Black "Jacobs, Florian"]
[Result "1/2-1/2"]
[LiveChessVersion "1.4.8"]
[BlackElo "2231"]
[WhiteElo "2307"]

1. d4  Nf6  2. Nf3  g6 3. c4  Bg7  4. g3 O-O  5. Bg2  d6 
6. O-O  Nc6  7. Nc3  a6 8. h3  Bd7  9. e4 e5  10. Be3  Rb8
 11. d5  Ne7  12. c5 Nh5  13. Kh2  h6 14. Nd2  f5  15. Nc4
 Bb5  16. Nxb5  axb5 17. cxd6  cxd6  18. Bb6 Qd7  19. Nd2  fxe4
 20. Nxe4  Nf6  21. Nxf6+ Bxf6  22. Qd3  Kg7 23. Rae1  Ra8  24. Qb3
 Ra6  25. Be3  Nf5 26. Be4  Nxe3  27. Rxe3 b4  28. Qxb4  Rxa2
 29. Rb3  Rf7  30. Ra3 Rxa3  31. bxa3  Bd8 32. Kg2  Qc7  33. Qb1
 Rf6  34. Rc1  Qb6 35. Qc2  Qd4  36. f3 Bb6  37. Rb1  Rf7
 38. Qb2  Qxb2+  39. Rxb2 Bc5  40. a4  b6 1/2-1/2

[Event "1e eFXO Apeldoorns Weekendtoernooi"]
[Site "DSC Noord, Apeldoorn"]
[Date "2016.10.30"]
[Round "5.4"]
[White "Wouters, Casper"]
[Black "Sep, Cees"]
[Result "1-0"]
[LiveChessVersion "1.4.8"]
[BlackElo "1791"]
[WhiteElo "1820"]

1. e4  c5  2. Nf3  Nc6 3. Bb5  g6  4. Bxc6 bxc6  5. d3  Bg7
 6. O-O  d6  7. c3 e5  8. Na3  Ne7 9. Ne1  O-O  10. f4  f6
 11. Nf3  Rb8  12. fxe5 dxe5  13. Qc2  Ba6 14. Rd1  Qb6  15. Kh1
 Rfd8  16. Rb1  Bf8 17. Be3  Qa5  18. Ne1 g5  19. Qf2  Kg7
 20. Bxc5  Rb7  21. Bb4 Qb6  22. Bc5  Qa5 23. d4  Ng6  24. Bxf8+
 Rxf8  25. Nec2  Re7 26. Nb4  Qb6  27. Qg1 Bb7  28. Nc4  Qc7
 29. Ne3  Bc8  30. d5 Qb6  31. Nxc6  Rd7 32. c4  Bb7  33. c5
 Qb5  34. Nf5+  Kh8 35. Nd6  1-0

[Event "1e eFXO Apeldoorns Weekendtoernooi"]
[Site "DSC Noord, Apeldoorn"]
[Date "2016.10.30"]
[Round "5.5"]
[White "Van Randtwijk, Mick"]
[Black "Van Hoorn, Geert"]
[Result "1-0"]
[LiveChessVersion "1.4.8"]
[BlackElo "1874"]
[WhiteElo "1932"]

1. e4  c5  2. Nf3  d6 3. d4  cxd4  4. Nxd4 Nf6  5. Nc3  g6 
6. Be3  Bg7  7. f3  O-O 8. Qd2  Nc6  9. O-O-O Nxd4  10. Bxd4  Be6
 11. Kb1  a6  12. g4 b5  13. h4  h5 14. gxh5  Nxh5  15. Bxg7  Kxg7
 16. Rg1  Kh7  17. f4 f5  18. Be2  Rg8 19. exf5  Bxf5  20. Rg5
 Nf6  21. h5  gxh5 22. Rxf5  b4  23. Nd5 Ne4  24. Qd3  Nc3+
 25. bxc3  bxc3  26. Rxh5+ Kg7  27. Rh7+  Kf8 28. Qf5+  1-0

[Event "1e eFXO Apeldoorns Weekendtoernooi"]
[Site "DSC Noord, Apeldoorn"]
[Date "2016.10.30"]
[Round "5.6"]
[White "Cebula, Jerzy"]
[Black "Seelemeijer, Jasper"]
[Result "1-0"]
[LiveChessVersion "1.4.8"]
[BlackElo "1943"]
[WhiteElo "2011"]

1. e4  e5  2. Nf3  Nc6 3. Bb5  Nge7  4. Nc3 g6  5. d4  exd4 6. Nd5  Bg7  7. Bg5  f6
 8. Nxf6+  Bxf6  9. Bxf6 Rf8  10. Bg5  a6 11. Bc4  d6  12. Nxd4 Ne5  13. Bb3  c5
 14. Ne6  Bxe6  15. Bxe6 Qb6  16. O-O  Nf7 17. Bh4  Nd8  18. Bh3 Qc7  19. Qd2  Ndc6
 20. Rad1  Rd8  21. Qh6 1-0

[Event "1e eFXO Apeldoorns Weekendtoernooi"]
[Site "DSC Noord, Apeldoorn"]
[Date "2016.10.30"]
[Round "5.7"]
[White "Bauer, Jelle"]
[Black "Auwens, Michel"]
[Result "1/2-1/2"]
[LiveChessVersion "1.4.8"]
[BlackElo "1892"]
[WhiteElo "1755"]

1. e4  e5  2. Nf3  d6 3. d4  Nd7  4. Bc4 c6  5. O-O  Be7 6. c3  b5  7. Bb3  Ngf6
 8. Re1  O-O  9. a4  Qc7  10. Nbd2  h6 11. Nf1  Rd8  12. Ng3 Nf8  13. Qe2  Rb8
 14. axb5  cxb5  15. Be3 a5  16. Bc2  Ng6 17. Bd3  Bd7  18. Nf5 Bf8  19. h3  Re8
 20. Qd2  d5  21. Ng3 Bd6  22. dxe5  Nxe5 23. Nxe5  Rxe5  24. f4 Ree8  25. e5  Bc5
 26. exf6  Rxe3  27. Rxe3 Qxf4  28. Nf1 Re8 29. Rae1  Rxe3  30. Nxe3 d4  31. Qf2  Qxf2+
 32. Kxf2  dxe3+  33. Kf3 gxf6  34. b4  axb4 35. cxb4  Bxb4  36. Rb1 Bc6+  37. Ke2  Bd2
 38. Bxb5  Bxb5+  39. Rxb5 Kg7  40. g4  Bc1 41. h4  Bd2  42. h5 Bc1  43. Rf5  Bd2
 44. Rf1  Bc3  45. Kxe3 Be5  46. Ke4  Bb2 47. Kf5  Bc3  48. Rc1 Bb2  49. Rb1  Bc3
 50. Rc1  Bb2  51. Rc8 Ba1  52. Ke4  Bb2 53. Kd5  f5  54. gxf5 Kf6  55. Ke4  Kg5
 56. Rc2  Ba1  57. Rh2 f6 1/2-1/2

[Event "1e eFXO Apeldoorns Weekendtoernooi"]
[Site "DSC Noord, Apeldoorn"]
[Date "2016.10.30"]
[Round "5.8"]
[White "Bouwer, Hans"]
[Black "Shakhverdian, William"]
[Result "1/2-1/2"]
[LiveChessVersion "1.4.8"]
[BlackElo "1686"]
[WhiteElo "1789"]

1. d4  Nf6  2. c4  g6 3. Nc3  Bg7  4. e4 d6  5. Bd3  O-O 
6. Nge2  Nc6  7. d5  Ne5 8. h3  Nfd7  9. Be3 Nxd3+  10. Qxd3  Ne5
 11. Qc2  Nxc4  12. Bd4 Bxd4  13. Nxd4  f5 14. Ncb5  a6  15. Qxc4
 axb5  16. Nxb5  Bd7 17. Nc3  fxe4  18. Qxe4 c6  19. O-O  Rf5
 20. Rfe1  cxd5  21. Qxe7 Qxe7  22. Rxe7  Bc6 23. Rd1  Rg5  24. f4
 Rf5  25. Rd4  Raf8 26. g3  g5  27. Ne2 gxf4  28. Nxf4  Ra8
 29. a3  Ra5  30. Ne6 Ra8  31. Rg4+  Kh8 32. Rgg7  Rh5  33. Nf4
 Rh6  34. g4  Rg8 35. Rxg8+  Kxg8  36. Kh2 Kf8  37. Re2  Rf6
 38. Kg3  Rf7  39. Ne6+ Kg8  40. Nd4  Rc7 41. g5  Rg7  42. h4
 h6  43. Nf5  hxg5 44. Nxg7  gxh4+  45. Kxh4 Kxg7  46. Kg5  Kf7
 47. Kf4  Bd7  48. Ke3 Be6  49. Kd4  Ke7 50. Rh2  Kd7  51. a4
 Kc6  52. b4  Bd7 53. Rh7  Bf5  54. b5+ Kb6  55. Rf7  Bc2
 56. Rd7  Bxa4  1/2-1/2

[Event "1e eFXO Apeldoorns Weekendtoernooi"]
[Site "DSC Noord, Apeldoorn"]
[Date "2016.10.30"]
[Round "6.1"]
[White "Van der Elburg, Freddie"]
[Black "Pruijssers, Roeland"]
[Result "0-1"]
[LiveChessVersion "1.4.8"]
[BlackElo "2490"]
[WhiteElo "2130"]

1. f4  d5  2. Nf3  Nf6 3. g3  b5  4. Bg2 Bb7  5. O-O  e6 
6. Ne5  c5  7. d3  Nbd7 8. e3  Nxe5  9. fxe5 Nd7  10. d4  Be7
 11. c3  O-O  12. e4 dxe4  13. Qg4  f5 14. exf6  Nxf6  15. Qxe6+
 Kh8  16. Be3  Nd5 17. Bf2  e3  18. Bxe3 Rxf1+  19. Kxf1  Nxe3+
 20. Qxe3  Bg5  21. Qf2 Qe7  22. Bxb7  Qxb7 0-1

[Event "1e eFXO Apeldoorns Weekendtoernooi"]
[Site "DSC Noord, Apeldoorn"]
[Date "2016.10.30"]
[Round "6.2"]
[White "Jacobs, Florian"]
[Black "Van Osch, Mees"]
[Result "0-1"]
[LiveChessVersion "1.4.8"]
[BlackElo "2288"]
[WhiteElo "2231"]

1. d4  Nf6  2. c4  g6 3. f3  Bg7  4. e4 d6  5. Ne2  O-O 
6. Nec3  Nh5  7. Be3  e5 8. d5  Na6  9. Nd2 b6  10. g3  f5 
11. exf5  gxf5  12. Qc2  Bd7 13. a3  c6  14. Be2
 Qe8  15. O-O-O  Rc8 16. Kb1  cxd5  17. cxd5 Nc5  18. Nc4  Qe7
 19. f4  Nf6  20. fxe5 dxe5  21. d6  Qe8 22. Bxc5  Rxc5  23. Ne3
 e4  24. Qb3+  Kh8 25. a4 Qe5  26. Bb5  Rfc8 27. Rhf1  Be6  28. Qb4
 a5  29. Qd4  Qxd4 30. Rxd4  Ng4  31. d7 Bxd7  32. Rxd7  Nxe3
 33. Re1  Nc4  34. Red1 Bxc3  35. bxc3  Na3+ 36. Ka2  Nxb5  37. axb5
 Rxc3  38. Rb7  Rd3 39. Rxd3  exd3  40. Rd7 Rc5  41. Rxd3  Rxb5
 42. Rd7  Re5  43. h4 Re2+  44. Kb1  Re6 45. Rf7  Re5  46. Rb7
 b5  47. Kc2  Kg8 48. h5  h6  49. Kd3 b4  50. Kc2  Re2+
 51. Kb1  Re4  52. Rb5 a4  53. Rxf5  Kg7 54. Ra5  a3  55. Ra6
 Re3  56. g4  Rg3 57. Rg6+  Kh7  58. Rb6 b3  0-1

[Event "1e eFXO Apeldoorns Weekendtoernooi"]
[Site "DSC Noord, Apeldoorn"]
[Date "2016.10.30"]
[Round "6.3"]
[White "Van Randtwijk, Mick"]
[Black "Wouters, Casper"]
[Result "1/2-1/2"]
[LiveChessVersion "1.4.8"]
[BlackElo "1820"]
[WhiteElo "1932"]

1. e4  d6  2. d4  Nf6 3. Nc3  g6  4. f3 Bg7  5. Be3  c6 
6. Qd2  Nbd7  7. O-O-O  Qc7 8. g4  b5  9. Kb1 Nb6  10. Bd3  h5
 11. g5  Nfd7  12. f4 b4  13. Nce2  c5 14. Bb5  a6  15. Bxd7+
 Bxd7  16. dxc5  dxc5 17. c3  Bc6  18. Qc2 Qb7  19. Ng3  h4
 20. N1e2  hxg3  21. Nxg3 Ba4  22. b3  Bc6 23. Bxc5  Rh3  24. Rhe1
 Bxc3  25. Re3  Nd7 26. Bd4  Rc8  27. Bxc3 bxc3  28. Rxc3  Nb6
 29. Ka1  Bd7  30. f5 Rxc3  31. Qxc3  Rh7 32. Qe5  Qc6  33. Ne2
 Nc8  34. Nc3  f6 35. gxf6  Qxf6  36. Qxf6 exf6  37. fxg6  Rxh2
 38. Nd5  Rf2  39. g7 Kf7  40. Rg1  Kg8 41. Rg6  Bb5  42. Nxf6+
 Rxf6  43. Rxf6  Kxg7 44. Rf3  Bc6  45. Rc3 Ne7  46. Kb2  Kf6
 47. Rc4  Ke5  48. Kc3 Bxe4  49. Ra4  Nd5+ 50. Kd2  Nc7  51. Ke3
 Nd5+  52. Kd2  Nc7 53. Rc4  Nb5  54. Ke3 Bd5  55. Ra4  Nc7
 56. Ra5  Kd6  57. Kd4 Nb5+  58. Kd3  Nc7 59. Ra4  Kc6  60. Rh4
 Ne6  61. Rh6  Kc5 62. Kc3  a5  63. Rh5 Nc7  64. a3  Nb5+
 65. Kb2  Nd4  66. b4+ axb4  67. axb4+  Kc4 68. Rh4  Bc6  69. Ka3
 Bb5  70. Rh2  Bc6 1/2-1/2

[Event "1e eFXO Apeldoorns Weekendtoernooi"]
[Site "DSC Noord, Apeldoorn"]
[Date "2016.10.30"]
[Round "6.4"]
[White "Leontiev, Oleg"]
[Black "Cebula, Jerzy"]
[Result "1-0"]
[LiveChessVersion "1.4.8"]
[BlackElo "2011"]
[WhiteElo "2016"]

1. d4  Nf6 2. Nf3  d5  3. c4 e6  4. Nc3  Be7 5. e3  O-O  6. Bd3  dxc4
 7. Bxc4  b6  8. Qe2 Bb7  9. O-O  Nbd7 10. b3  Nd5  11. Nxd5
 exd5  12. Bd3  Bd6 13. Qc2  Nf6  14. Bb2 h6  15. Ne5  Qe8
 16. f4  Rc8  17. Bf5 Ra8  18. Rf3  Bc8 19. Bd3  Ne4  20. Bxe4
 dxe4  21. Qxe4  Bg4 22. Rg3  Bh5  23. Qf5 f6  24. Nd7  Rd8
 25. Nxf8  Kxf8  26. e4 Qf7  27. e5  g6 28. Qc2  Be7  29. Qxc7  Qd5
 30. Re3  f5  31. Rc1 g5  32. Qc6  Qxc6 33. Rxc6  gxf4  34. Rh3
 Be8  35. Rcxh6  1-0

[Event "1e eFXO Apeldoorns Weekendtoernooi"]
[Site "DSC Noord, Apeldoorn"]
[Date "2016.10.30"]
[Round "6.5"]
[White "Shakhverdian, William"]
[Black "Beeke, Bob"]
[Result "0-1"]
[LiveChessVersion "1.4.8"]
[BlackElo "2307"]
[WhiteElo "1686"]

1. e4 e5  2. Nf3  Nc6  3. Bc4 Bc5  4. O-O  Nf6 5. d3  a6  6. a3
 d6  7. Bg5  h6 8. Bh4  g5  9. Bg3  Ba7 10. c3  Bg4  11. Nbd2
 Qd7  12. Qc2  Nh5 13. Rfe1  O-O-O  14. b4 f5  15. exf5  Bxf5
 16. b5  Na5  17. bxa6 Nxc4  18. axb7+  Kxb7 19. Nxc4  Ka8  20. Rab1
 Nf4  21. Bxf4  gxf4 22. Na5  Rb8  23. Nh4 Bh7  24. Qe2  Rb5
 25. Rxb5  Qxb5  26. Nc4 Qd5  27. Nb2  Rb8 28. Rc1  Qa2  29. Rc2
 Rxb2  0-1

[Event "1e eFXO Apeldoorns Weekendtoernooi"]
[Site "DSC Noord, Apeldoorn"]
[Date "2016.10.30"]
[Round "6.6"]
[White "Auwens, Michel"]
[Black "Schleipfenbauer, Bent"]
[Result "0-1"]
[LiveChessVersion "1.4.8"]
[BlackElo "1945"]
[WhiteElo "1892"]

1. e4  c5  2. Nf3  Nc6 3. d4  cxd4  4. c3 Nf6  5. e5  Nd5 6. Bc4  Nb6  7. Bb3  e6
 8. cxd4  d6  9. exd6 Bxd6  10. O-O  O-O  11. Nc3  Ne7  12. Bc2 h6  13. Ne4  Nbd5
 14. Qd3  Ng6  15. Nxd6 Qxd6  16. Ne5  Nb4 17. Nxf7  Rxf7  18. Qxg6 Nxc2  19. Qxc2  Qxd4
 20. Be3  Qf6  21. Bxa7 Bd7  22. Be3  Rc8 23. Qe2  Qg6  24. Rac1 Bc6  25. f3  Rd8
 26. Qc2  Qh5  27. a4 Rdf8  28. Bc5  Rd8 29. Rcd1  Rfd7  30. Rxd7 Rxd7  31. b4  Qg5
 32. Rd1  Rf7  33. Qd2 Rd7  34. Qe2  Bd5 35. Qe3  Qg6  36. a5 Qc2  37. Rc1  Qg6
 38. b5  Rf7  39. Rf1 Bc4  40. Re1  Bd5 41. Kf2  Qh5  42. h3 Qh4+  43. Kg1  Qg3
 44. Qf2  Rxf3  45. Qxg3 Rxg3  46. Re2  Rb3 47. b6  Rb5  48. Rc2 Rxa5  49. Kf2  Be4
 50. Bb4  Rf5+  0-1

[Event "1e eFXO Apeldoorns Weekendtoernooi"]
[Site "DSC Noord, Apeldoorn"]
[Date "2016.10.30"]
[Round "6.7"]
[White "Sep, Cees"]
[Black "Bauer, Jelle"]
[Result "1/2-1/2"]
[LiveChessVersion "1.4.8"]
[BlackElo "1755"]
[WhiteElo "1791"]

1. e4  e6  2. d4  d5 3. e5  c5  4. c3 Nc6  5. Be3  Qb6 6. Qd2  cxd4  7. cxd4
 Bb4  8. Nc3  Nge7 9. Nf3  Bd7  10. Bd3 h6  11. O-O  O-O-O 12. a3  Bxc3  13. bxc3
 Na5  14. Rab1  Qc7 15. Qa2  Bc6  16. Nd2 Kb8  17. Nb3  Nc4 18. Nc5  Nb6  19. a4
 Ka8  20. Rb2  Nd7 21. Nxd7  Rxd7  22. Rc1 Rc8  23. a5  Qd8 24. f3  Rdc7  25. Bd2
 Be8  26. Rcb1  Nc6 27. Bb5  Ne7  28. Bd3 Nc6  29. Bb5  Ne7 1/2-1/2

[Event "1e eFXO Apeldoorns Weekendtoernooi"]
[Site "DSC Noord, Apeldoorn"]
[Date "2016.10.30"]
[Round "6.8"]
[White "Tangarife Ramirez, Gonzalo"]
[Black "Bouwer, Hans"]
[Result "1-0"]
[LiveChessVersion "1.4.8"]
[BlackElo "1789"]
[WhiteElo "2031"]

1. Nf3  d5  2. d4  g6 3. Bf4  Bg7  4. e3 Nf6  5. Be2  O-O 6. O-O  h6  7. h3
 b6  8. c4  c6 9. Nc3  Bb7  10. Rc1  Nbd7 11. cxd5  cxd5  12. Ne5 Nxe5  13. Bxe5  Ne8
 14. Bg3  a6  15. Qb3 e6  16. Na4  b5 17. Nc5  Bc8  18. a4  bxa4 19. Qxa4  Nd6  20. Qc6
 1-0